Światowy ranking FIFA! - Statystyki

Ogólne statystyki
  • Ten quiz został rozwiązany 296 razy
  • Średni wynik to 39 z 50
Statystyki odpowiedzi
Punkty Kraj % Poprawnych
1642 Argentyna
98%
1743 Brazylia
98%
1670 Anglia
97%
1755 Francja
97%
1559 Polska
97%
1645 Hiszpania
96%
1610 Niemcy
95%
1780 Belgia
94%
1662 Portugalia
93%
1461 Rosja
93%
1625 Włochy
92%
1609 Holandia
89%
1548 USA
89%
1456 Czechy
88%
1558 Szwecja
88%
1502 Japonia
87%
1632 Meksyk
87%
1521 Ukraina
86%
1617 Chorwacja
85%
1478 Słowacja
85%
1593 Szwajcaria
84%
1639 Urugwaj
84%
1614 Dania
82%
1601 Kolumbia
82%
1450 Norwegia
82%
1567 Chile
80%
1432 Egipt
80%
1465 Korea Południowa
78%
1487 Turcja
78%
1457 Australia
77%
1456 Irlandia
77%
1558 Senegal
77%
1531 Austria
76%
1512 Peru
76%
1562 Walia
76%
1492 Serbia
75%
1460 Węgry
74%
1481 Maroko
72%
1436 Szkocja
72%
1466 Rumunia
66%
1496 Iran
64%
1438 Islandia
64%
1488 Algieria
61%
1474 Nigeria
59%
1501 Wenezuela
56%
1427 Kostaryka
55%
1503 Tunezja
55%
1476 Paragwaj
54%
1440 Irlandia Północna
51%
1437 Jamajka
27%
Nie znaleziono quizów pasujących do podanych kryteriów
Rozkład punktacji
Procent ludzi z każdym wynikiem
Percentyl według liczby udzielonych odpowiedzi
Twoja historia wyników
Nie rozwiązałeś tego quizu